Child & adult care professionals / (Record no. 9758)

MARC details
000 -LEADER
fixed length control field 01364cam a2200397 a 4500
001 - CONTROL NUMBER
control field 13225573
003 - CONTROL NUMBER IDENTIFIER
control field mut
005 - DATE AND TIME OF LATEST TRANSACTION
control field 20240606081123.0
008 - FIXED-LENGTH DATA ELEMENTS--GENERAL INFORMATION
fixed length control field 030605s2004 nyua 001 0 eng d
010 ## - LIBRARY OF CONGRESS CONTROL NUMBER
LC control number 2003545010
020 ## - INTERNATIONAL STANDARD BOOK NUMBER
International Standard Book Number 0078290139
035 ## - SYSTEM CONTROL NUMBER
System control number (OCoLC)ocm51332734
040 ## - CATALOGING SOURCE
Original cataloging agency BGU
Transcribing agency BGU
Modifying agency DLC
042 ## - AUTHENTICATION CODE
Authentication code lccopycat
050 00 - LIBRARY OF CONGRESS CALL NUMBER
Classification number HQ778.5
Item number .S74 2004
100 1# - MAIN ENTRY--PERSONAL NAME
Personal name Stephens, Karen
Fuller form of name (Karen Jo)
245 10 - TITLE STATEMENT
Title Child & adult care professionals /
246 3# - VARYING FORM OF TITLE
Title proper/short title Child and adult care professionals
260 ## - PUBLICATION, DISTRIBUTION, ETC.
Place of publication, distribution, etc. New York :
Name of publisher, distributor, etc. Glencoe/McGraw-Hill,
Date of publication, distribution, etc. c2004.
300 ## - PHYSICAL DESCRIPTION
Extent 688 p. :
Other physical details col. ill. ;
Dimensions 29 cm.
500 ## - GENERAL NOTE
General note Includes Index.
521 ## - TARGET AUDIENCE NOTE
Target audience note Secondary.
650 #0 - SUBJECT ADDED ENTRY--TOPICAL TERM
Topical term or geographic name entry element Child care.
650 #0 - SUBJECT ADDED ENTRY--TOPICAL TERM
Topical term or geographic name entry element Day care centers.
650 #0 - SUBJECT ADDED ENTRY--TOPICAL TERM
Topical term or geographic name entry element Child care workers
General subdivision Training of.
650 #0 - SUBJECT ADDED ENTRY--TOPICAL TERM
Topical term or geographic name entry element Older people
General subdivision Care.
650 #0 - SUBJECT ADDED ENTRY--TOPICAL TERM
Topical term or geographic name entry element Adult day care centers.
650 #0 - SUBJECT ADDED ENTRY--TOPICAL TERM
Topical term or geographic name entry element Adult day care centers
General subdivision Employees
-- Training of.
700 1# - ADDED ENTRY--PERSONAL NAME
Personal name Hammond-Smith, Maxine.
710 2# - ADDED ENTRY--CORPORATE NAME
Corporate name or jurisdiction name as entry element Glencoe/McGraw-Hill.
856 42 - ELECTRONIC LOCATION AND ACCESS
Materials specified Publisher description
Uniform Resource Identifier <a href="http://www.loc.gov/catdir/description/mh031/2003545010.html">http://www.loc.gov/catdir/description/mh031/2003545010.html</a>
856 41 - ELECTRONIC LOCATION AND ACCESS
Materials specified Table of contents
Uniform Resource Identifier <a href="http://www.loc.gov/catdir/toc/mh031/2003545010.html">http://www.loc.gov/catdir/toc/mh031/2003545010.html</a>
906 ## - LOCAL DATA ELEMENT F, LDF (RLIN)
a 7
b cbc
c copycat
d 3
e ncip
f 20
g y-gencatlg
942 ## - ADDED ENTRY ELEMENTS (KOHA)
Source of classification or shelving scheme Library of Congress Classification
Koha item type Books
Holdings
Withdrawn status Lost status Source of classification or shelving scheme Damaged status Not for loan Home library Current library Date acquired Total checkouts Full call number Barcode Date last seen Price effective from Koha item type
    Library of Congress Classification     Murang'a University of Technology Library Murang'a University of Technology Library 19/05/2017   HQ778.5 .S74 2004 010765 30/08/2024 19/05/2017 Books